MyGZULibrary

Trust protectors / (Record no. 8734)

MARC details
000 -LEADER
fixed length control field 01079cam a2200337 a 4500
001 - CONTROL NUMBER
control field 17362971
003 - CONTROL NUMBER IDENTIFIER
control field GZU
005 - DATE AND TIME OF LATEST TRANSACTION
control field 20210524131351.0
008 - FIXED-LENGTH DATA ELEMENTS--GENERAL INFORMATION
fixed length control field 120626s2011 enk b 001 0 eng
010 ## - LIBRARY OF CONGRESS CONTROL NUMBER
LC control number 2012406027
015 ## - NATIONAL BIBLIOGRAPHY NUMBER
National bibliography number GBB0A8306
Source bnb
016 7# - NATIONAL BIBLIOGRAPHIC AGENCY CONTROL NUMBER
Record control number 015644920
Source Uk
020 ## - INTERNATIONAL STANDARD BOOK NUMBER
International Standard Book Number 9781846612527 (hbk.)
020 ## - INTERNATIONAL STANDARD BOOK NUMBER
International Standard Book Number 1846612527 (hbk.)
035 ## - SYSTEM CONTROL NUMBER
System control number (OCoLC)ocn663445947
040 ## - CATALOGING SOURCE
Original cataloging agency UKM
Transcribing agency UKM
Modifying agency YDXCP
-- CDX
-- BWK
-- C#P
-- DLC
042 ## - AUTHENTICATION CODE
Authentication code lccopycat
050 00 - LIBRARY OF CONGRESS CALL NUMBER
Classification number KF730
Item number .H65 2011
082 04 - DEWEY DECIMAL CLASSIFICATION NUMBER
Classification number 346.059
Edition number 22
100 1# - MAIN ENTRY--PERSONAL NAME
Personal name Holden, Andrew.
245 10 - TITLE STATEMENT
Title Trust protectors /
Statement of responsibility, etc. Andrew Holden ; consultant editor, David Brownbill.
260 ## - PUBLICATION, DISTRIBUTION, ETC.
Place of publication, distribution, etc. Bristol :
Name of publisher, distributor, etc. Jordans,
Date of publication, distribution, etc. 2011.
300 ## - PHYSICAL DESCRIPTION
Extent liv, 347 p. ;
Dimensions 26 cm.
504 ## - BIBLIOGRAPHY, ETC. NOTE
Bibliography, etc. note Includes bibliographical references (p. [335]-338) and index.
650 #0 - SUBJECT ADDED ENTRY--TOPICAL TERM
Topical term or geographic name entry element Trusts and trustees
Geographic subdivision England.
650 #0 - SUBJECT ADDED ENTRY--TOPICAL TERM
Topical term or geographic name entry element Trusts and trustees
Geographic subdivision Wales.
700 1# - ADDED ENTRY--PERSONAL NAME
Personal name Brownbill, David.
906 ## - LOCAL DATA ELEMENT F, LDF (RLIN)
a 7
b cbc
c copycat
d 2
e ncip
f 20
g y-gencatlg
942 ## - ADDED ENTRY ELEMENTS (KOHA)
Source of classification or shelving scheme Library of Congress Classification
Koha item type Books
Classification part 730
Item part HOL
Call number prefix KF
Call number suffix 2011
Holdings
Withdrawn status Lost status Damaged status Not for loan Collection code Home library Current library Shelving location Date acquired Total Checkouts Full call number Barcode Date last seen Copy number Price effective from Koha item type
        Non-fiction Law Library Law Library General Stacks 05/24/2021   KF730 HOL 2011 025909 05/24/2021 c.1 05/24/2021 Books